| 000 | 00373nam a2200121Ia 4500 | ||
|---|---|---|---|
| 008 | 230907s9999||||xx |||||||||||||| ||und|| | ||
| 082 |
_a658.403 _bWIS |
||
| 100 |
_aWisniewski, Mik. _959942 |
||
| 245 | 0 | _aQuantitative methods for decision makers / | |
| 260 |
_aPrentice Hall/Financial Times, _bHarlow, England ; | New York : _c2013 |
||
| 300 | _axxii, 607 p. : | ||
| 942 | _cBK | ||
| 999 |
_c600630 _d600630 |
||